000 00276cam a22000977a 4500
008 180718b1995 xxu||||| |||| 00| 0 eng d
245 _aSadhana se siddhi-2
_cedited by Brahmverchasva
260 _aMathura
_bAkhand Jyoti Sansthan
_c1995
300 _aV.P.
700 _aBrahmverchasva
999 _c440442
_d440442